Tribhuvan University Central Library

Imagination and realities: Nepal between past and present (Record no. 83671)

MARC details
000 -LEADER
fixed length control field 00479nam a2200157 4500
008 - FIXED-LENGTH DATA ELEMENTS--GENERAL INFORMATION
fixed length control field 181002b xxu||||| |||| 00| 0 eng d
020 ## - INTERNATIONAL STANDARD BOOK NUMBER
International Standard Book Number 9788187393306
082 ## - DEWEY DECIMAL CLASSIFICATION NUMBER
Classification number 954.96
Item number T571i
100 ## - MAIN ENTRY--PERSONAL NAME
Personal name Toffin, Gerard
9 (RLIN) 25268
245 ## - TITLE STATEMENT
Title Imagination and realities: Nepal between past and present
260 ## - PUBLICATION, DISTRIBUTION, ETC.
Place of publication, distribution, etc. New Delhi:
Name of publisher, distributor, etc. Adroit Publishers,
Date of publication, distribution, etc. 2016
300 ## - PHYSICAL DESCRIPTION
Extent xviii, 409p.
504 ## - BIBLIOGRAPHY, ETC. NOTE
Bibliography, etc. note Bibliography at the end of each chapter.
650 ## - SUBJECT ADDED ENTRY--TOPICAL TERM
Topical term or geographic name entry element History - Nepal
942 ## - ADDED ENTRY ELEMENTS (KOHA)
Source of classification or shelving scheme Dewey Decimal Classification
Koha item type General Collections
Holdings
Withdrawn status Lost status Source of classification or shelving scheme Damaged status Not for loan Home library Current library Shelving location Date acquired Total Checkouts Full call number Barcode Date last seen Date last checked out Price effective from Koha item type
    Dewey Decimal Classification     Tribhuvan University Central Library Tribhuvan University Central Library New Building 10/02/2018 1 954.96 T571i 154028 05/05/2025 04/18/2025 10/02/2018 General Collections